LEADER 00938nam0-22002771i-450- 001 990000071530403321 035 $a000007153 035 $aFED01000007153 035 $a(Aleph)000007153FED01 035 $a000007153 100 $a20011111d--------km-y0itay50------ba 101 0 $aita 105 $ay-------001yy 200 1 $aSulla superficie generata dalla rotazione di un'elica intorno ad una delle generatrici della superficie cilindricache la contiene$fMario Giovanardi. 210 $aNapoli$cA. Trani$d1925 215 $a14 p.$cill.$d26 cm 676 $a516 700 1$aGiovanardi,$bMario$0332359 801 0$aIT$bUNINA$gRICA$2UNIMARC 901 $aBK 912 $a990000071530403321 952 $a13 K 05 03$b7704$fFINBC 959 $aFINBC 996 $aSulla superficie generata dalla rotazione di un'elica intorno ad una delle generatrici della superficie cilindricache la contiene$9110718 997 $aUNINA DB $aING01 LEADER 01219nam0-2200397li-450 001 990000178560203316 005 20180312154608.0 010 $a88-08-12600-5 035 $a0017856 035 $aUSA010017856 035 $a(ALEPH)000017856USA01 035 $a0017856 100 $a20001109d1993----km-y0itay0103----ba 101 0 $aita 102 $aIT 200 1 $a<> "Zingarelli" 1994$evocabolario della lingua italiana$fNicola Zingarelli 205 $a12. ed.$fa cura di Mino Dogliottie Luigi Rosiello 210 $aBologna$cZingarelli$d1993 610 1 $alingua italiana dizionari 676 $a453$9. 700 1$aZINGARELLI,$bNicola$02124 702 1$aDogliotti,$bMino 702 1$aROSIELLO,$bLuigi$f<1930-1993> 801 $aSistema bibliotecario di Ateneo dell' Università di Salerno$gRICA 912 $a990000178560203316 951 $aREF 453 ZIN (A)$b0003685 959 $aBK 969 $aTEC 979 $c19950807 979 $c20001110$lUSA01$h1713 979 $c20020403$lUSA01$h1625 979 $aPATRY$b90$c20040406$lUSA01$h1613 979 $aPATRY$b90$c20070831$lUSA01$h1345 979 $aPATRY$b90$c20080605$lUSA01$h1209 996 $aZingarelli 1994$970111 997 $aUNISA